| 000 | 00857nam a22002417a 4500 | ||
|---|---|---|---|
| 999 |
_c2232 _d2232 |
||
| 003 | AR-CdUCM | ||
| 008 | 190304b ||||| |||| 00| 0 spa d | ||
| 040 |
_aMUNICIPALIDAD PROVINCIAL DEL CUSCO _cBIBLIOTECA MUNICIPAL DEL CUSCO |
||
| 041 | _hger | ||
| 082 |
_a920 / _bG81 _22ed. |
||
| 100 |
_aGrimm, Herman _98036 |
||
| 245 | _aVida de Goethe / | ||
| 260 |
_aMéxico D. F. : _bGrijalbo, _c1959. |
||
| 300 |
_aXVI, 393 páginas ; _bilustraciones, _c22 cm. |
||
| 440 |
_aBiografías Gandesa. _94521 |
||
| 505 | _aContenido: El joven Goethe -- Los primeros diez años en Weimar -- Italia -- Goethe y Schiller -- Goethe, potencia mundial lo últimos veintisiete años. | ||
| 650 |
_aPoetas Alemanes _98037 |
||
| 650 |
_aHistoria _9136 |
||
| 650 |
_aBiografía _922 |
||
| 700 |
_aRoces, Wenceslao (traducción) _98038 |
||
| 942 |
_2ddc _cLIBROS |
||
| 945 | _aachl | ||